Welcome to the Holygrace Academy Library

Please use search bar below to get started

108 KUTTIKKAVITHAKAL (Record no. 4547)

MARC details
000 -LEADER
fixed length control field 00332nam a22001457a 4500
020 ## - INTERNATIONAL STANDARD BOOK NUMBER
ISBN 978-*93-83080-56-4
082 ## - DEWEY DECIMAL CLASSIFICATION NUMBER
Classification number 894.812.1
Item number PIL/H
100 ## - MAIN ENTRY--AUTHOR NAME
Personal name N.B.PILLA, PINDANI
245 ## - TITLE STATEMENT
Title 108 KUTTIKKAVITHAKAL
260 ## - PUBLICATION, DISTRIBUTION, ETC. (IMPRINT)
Place of publication THRISSUR
Name of publisher H & C PUBLISHING HOUSE
Year of publication 2012
300 ## - PHYSICAL DESCRIPTION
Number of Pages 80
520 ## - SUMMARY, ETC.
Summary, etc POETRY
650 ## - SUBJECT ADDED ENTRY--TOPICAL TERM
Topical Term POETRY
942 ## - ADDED ENTRY ELEMENTS (KOHA)
Koha item type Books

No items available.